[Event "18th CRO-chT(b)"]
[Site "Sibenik CRO"]
[Date "2009.09.24"]
[Round "4.36"]
[White "Brenc, Tomislav"]
[Black "Zezelj, Vladislav"]
[Result "1-0"]
[WhiteElo "2101"]
[BlackElo "2094"]
[PlyCount "52"]
[EventDate "2009.09.21"]
[EventType "team"]
[EventRounds "9"]
[EventCountry "CRO"]

1. e4 e6 2. Nf3 d5 3. Nc3 Nf6 4. e5 Nfd7 5. d4 c5 6. dxc5 Nc6 7. Bf4 Bxc5 8.
Bd3 f6 9. exf6 Qxf6 10. Bg3 Bb4 11. O-O Bxc3 12. bxc3 O-O 13. c4 Nce5 14. Nxe5
Nxe5 15. cxd5 exd5 16. Qh5 Bf5 17. Bxe5 Qxe5 18. g4 g6 19. Qg5 h6 20. Qxh6 Bxd3
21. cxd3 Qd6 22. Rae1 Rf4 23. Qg5 Raf8 24. Re3 Kg7 25. Rh3 Qe6 26. Qh6+ Kg8 1-0

[Event "18th CRO-chT(b)"]
[Site "Sibenik CRO"]
[Date "2009.09.24"]
[Round "4.41"]
[White "Kosic, Dragan"]
[Black "Stevic, Hrvoje"]
[Result "1/2-1/2"]
[WhiteElo "2495"]
[BlackElo "2624"]
[PlyCount "22"]
[EventDate "2009.09.21"]
[EventType "team"]
[EventRounds "9"]
[EventCountry "CRO"]

1. d4 Nf6 2. Nf3 g6 3. c4 Bg7 4. Nc3 O-O 5. e4 d6 6. h3 c5 7. d5 e6 8. Bd3 exd5
9. exd5 Re8+ 10. Be3 Nbd7 11. O-O Ne5 1/2-1/2

[Event "18th CRO-chT(b)"]
[Site "Sibenik CRO"]
[Date "2009.09.24"]
[Round "4.43"]
[White "Miladinovic, Igor"]
[Black "Kovacevic, Aleksandar"]
[Result "1/2-1/2"]
[WhiteElo "2547"]
[BlackElo "2562"]
[PlyCount "21"]
[EventDate "2009.09.21"]
[EventType "team"]
[EventRounds "9"]
[EventCountry "CRO"]

1. d4 d5 2. c4 c6 3. cxd5 cxd5 4. Nc3 Nf6 5. Bf4 e6 6. e3 Nc6 7. Bd3 Bd6 8.
Bxd6 Qxd6 9. Nf3 O-O 10. O-O Bd7 11. Rc1 1/2-1/2

[Event "18th CRO-chT(b)"]
[Site "Sibenik CRO"]
[Date "2009.09.24"]
[Round "4.53"]
[White "Mrdja, Milan"]
[Black "Komljenovic, Davorin"]
[Result "0-1"]
[WhiteElo "2393"]
[BlackElo "2433"]
[PlyCount "86"]
[EventDate "2009.09.21"]
[EventType "team"]
[EventRounds "9"]
[EventCountry "CRO"]

1. e4 c5 2. Nf3 d6 3. d4 cxd4 4. Qxd4 a6 5. Bg5 Nc6 6. Qd2 h6 7. Be3 Nf6 8. Nc3
Ng4 9. Nd5 Nxe3 10. Qxe3 e6 11. Nb6 Rb8 12. O-O-O Qc7 13. Kb1 Be7 14. Be2 O-O
15. h4 Ne5 16. Nd2 d5 17. Nxc8 Rbxc8 18. c3 Bc5 19. Qg3 d4 20. Rc1 d3 21. Bd1
Ng6 22. Qxd3 Rfd8 23. Qc2 Nf4 24. Bf3 Nd3 25. Rcf1 Nxf2 26. Rhg1 Ng4 27. Bxg4
Bxg1 28. Bh5 Rd7 29. Nf3 Bc5 30. e5 Bf8 31. Bg4 Qc4 32. Nh2 Qd3 33. Be2 Qxc2+
34. Kxc2 Rd4 35. g3 b5 36. Nf3 Rd5 37. Bd3 g6 38. Re1 a5 39. a3 b4 40. axb4
axb4 41. Be4 Rdc5 42. Re3 bxc3 43. Rxc3 Bg7 0-1

[Event "18th CRO-chT(b)"]
[Site "Sibenik CRO"]
[Date "2009.09.24"]
[Round "4.55"]
[White "Jukic, Zdenko"]
[Black "Novak, Ratko"]
[Result "1/2-1/2"]
[WhiteElo "2279"]
[BlackElo "2199"]
[PlyCount "35"]
[EventDate "2009.09.21"]
[EventType "team"]
[EventRounds "9"]
[EventCountry "CRO"]

1. e4 d5 2. Nc3 dxe4 3. Nxe4 Bf5 4. Ng3 Bg6 5. d4 e6 6. Nf3 Nd7 7. c3 Bd6 8.
Bd3 Bxd3 9. Qxd3 Ngf6 10. O-O h6 11. Ne4 Nxe4 12. Qxe4 c6 13. Ne5 f5 14. Qe2
O-O 15. Re1 Nxe5 16. dxe5 Bc5 17. a4 a5 18. Rb1 1/2-1/2

[Event "18th CRO-chT(b)"]
[Site "Sibenik CRO"]
[Date "2009.09.24"]
[Round "4.56"]
[White "Vujec, Ivan"]
[Black "Zovko, Mario"]
[Result "1/2-1/2"]
[WhiteElo "1977"]
[BlackElo "2197"]
[PlyCount "56"]
[EventDate "2009.09.21"]
[EventType "team"]
[EventRounds "9"]
[EventCountry "CRO"]

1. d4 d5 2. c4 e6 3. Nc3 c5 4. cxd5 exd5 5. Nf3 Nc6 6. g3 Nf6 7. Bg2 Be7 8. O-O
O-O 9. Bg5 cxd4 10. Nxd4 h6 11. Be3 Re8 12. Rc1 Be6 13. Nxc6 bxc6 14. Na4 Qd7
15. Nc5 Bxc5 16. Bxc5 Bh3 17. e3 Bxg2 18. Kxg2 Ne4 19. Qd4 Ng5 20. f3 Qh3+ 21.
Kg1 Re6 22. Rc2 Qf5 23. Qd1 Rg6 24. g4 Qd7 25. h4 Ne6 26. h5 Rf6 27. Bd4 Nxd4
28. Qxd4 Re8 1/2-1/2

[Event "18th CRO-chT(b)"]
[Site "Sibenik CRO"]
[Date "2009.09.25"]
[Round "5.11"]
[White "Erdos, Viktor"]
[Black "Sedlak, Nikola"]
[Result "1/2-1/2"]
[WhiteElo "2591"]
[BlackElo "2571"]
[PlyCount "21"]
[EventDate "2009.09.21"]
[EventType "team"]
[EventRounds "9"]
[EventCountry "CRO"]

1. d4 e6 2. c4 f5 3. g3 Nf6 4. Bg2 c6 5. Nf3 d5 6. O-O Bd6 7. b3 Be7 8. a4 a5
9. Ba3 Bxa3 10. Nxa3 O-O 11. e3 1/2-1/2

[Event "18th CRO-chT(b)"]
[Site "Sibenik CRO"]
[Date "2009.09.25"]
[Round "5.16"]
[White "Dulic, Grgur"]
[Black "Vujec, Ivan"]
[Result "1/2-1/2"]
[WhiteElo "2209"]
[BlackElo "1977"]
[PlyCount "23"]
[EventDate "2009.09.21"]
[EventType "team"]
[EventRounds "9"]
[EventCountry "CRO"]

1. c4 c5 2. Nc3 Nf6 3. g3 Nc6 4. Bg2 g6 5. Nf3 d6 6. O-O Bg7 7. d4 cxd4 8. Nxd4
Nxd4 9. Qxd4 O-O 10. Qh4 Rb8 11. Bh6 Bxh6 12. Qxh6 1/2-1/2

[Event "18th CRO-chT(b)"]
[Site "Sibenik CRO"]
[Date "2009.09.25"]
[Round "5.22"]
[White "Shchekachev, Andrei"]
[Black "Pinter, Jozsef"]
[Result "1/2-1/2"]
[WhiteElo "2539"]
[BlackElo "2569"]
[PlyCount "35"]
[EventDate "2009.09.21"]
[EventType "team"]
[EventRounds "9"]
[EventCountry "CRO"]

1. Nf3 Nf6 2. c4 e6 3. Nc3 d5 4. d4 c5 5. cxd5 Nxd5 6. e4 Nxc3 7. bxc3 cxd4 8.
cxd4 Bb4+ 9. Bd2 Bxd2+ 10. Qxd2 O-O 11. Bc4 Nc6 12. O-O b6 13. Rfe1 Na5 14. Bd3
Bb7 15. d5 Qe7 16. Rad1 Rac8 17. Qf4 Nc4 18. Rc1 1/2-1/2

[Event "18th CRO-chT(b)"]
[Site "Sibenik CRO"]
[Date "2009.09.25"]
[Round "5.23"]
[White "Kovacevic, Aleksandar"]
[Black "Mrdja, Milan"]
[Result "1/2-1/2"]
[WhiteElo "2562"]
[BlackElo "2393"]
[PlyCount "84"]
[EventDate "2009.09.21"]
[EventType "team"]
[EventRounds "9"]
[EventCountry "CRO"]

1. e4 e5 2. Nf3 Nc6 3. Bb5 a6 4. Bxc6 dxc6 5. O-O Be7 6. Nxe5 Qd4 7. Nf3 Qxe4
8. Re1 Qg6 9. Ne5 Qf5 10. d4 Be6 11. Nd2 Nf6 12. Ndf3 h6 13. Nd3 g5 14. Nc5
Bxc5 15. dxc5 Qxc5 16. Be3 Qe7 17. Qd4 Rg8 18. Rad1 Nd7 19. Ne5 c5 20. Qc3
O-O-O 21. Nxd7 Rxd7 22. Bxc5 Qd8 23. Bd4 Rd5 24. Bf6 Qd6 25. Be5 Qc6 26. Qxc6
bxc6 27. Rxd5 Bxd5 28. a3 Re8 29. Re3 f5 30. f3 Kd7 31. Kf2 c5 32. f4 c6 33. g3
g4 34. Bg7 Be4 35. Rc3 Kd6 36. Be5+ Kd5 37. b3 h5 38. Bf6 Ke6 39. Bg5 Kd5 40.
Bf6 Ke6 41. Bg5 Kd5 42. Bf6 Ke6 1/2-1/2

[Event "18th CRO-chT(b)"]
[Site "Sibenik CRO"]
[Date "2009.09.25"]
[Round "5.24"]
[White "Samovojska, Damir"]
[Black "Njirjak, Josip"]
[Result "1/2-1/2"]
[WhiteElo "2307"]
[BlackElo "2381"]
[PlyCount "48"]
[EventDate "2009.09.21"]
[EventType "team"]
[EventRounds "9"]
[EventCountry "CRO"]

1. d4 Nf6 2. Nf3 e6 3. c3 b6 4. Bg5 Bb7 5. Nbd2 Be7 6. h3 d6 7. e3 Nbd7 8. Bf4
O-O 9. Bh2 Re8 10. Qc2 Bf8 11. Bc4 a6 12. a4 Ra7 13. O-O Qa8 14. Rfe1 c5 15.
Bf1 Rc8 16. Qd1 Bd5 17. Qb1 Ne4 18. Nxe4 Bxe4 19. Qd1 Nf6 20. Nd2 Bd5 21. Qe2
Ne4 22. Nxe4 Bxe4 23. f3 Bc6 24. Bg3 Qb7 1/2-1/2

[Event "18th CRO-chT(b)"]
[Site "Sibenik CRO"]
[Date "2009.09.25"]
[Round "5.25"]
[White "Krstic, Uros"]
[Black "Jukic, Zdenko"]
[Result "1-0"]
[WhiteElo "2372"]
[BlackElo "2279"]
[PlyCount "81"]
[EventDate "2009.09.21"]
[EventType "team"]
[EventRounds "9"]
[EventCountry "CRO"]

1. e4 d5 2. exd5 Qxd5 3. Nf3 c6 4. d4 Nf6 5. Be2 Bf5 6. O-O e6 7. Nbd2 Be7 8.
Nc4 O-O 9. c3 Qd8 10. Bf4 Nd5 11. Bg3 c5 12. Qb3 b6 13. Rfd1 Nc6 14. Qb5 Qd7
15. dxc5 Bxc5 16. Na5 Nb8 17. Nb3 Qxb5 18. Bxb5 Be7 19. Nbd4 Bg6 20. Ne5 a6 21.
Be2 b5 22. Bf3 Bf6 23. h4 Bxe5 24. Bxe5 h5 25. a4 bxa4 26. c4 Nd7 27. Bd6 N5b6
28. c5 Nd5 29. Bxd5 exd5 30. Bxf8 Kxf8 31. Rdc1 Rc8 32. c6 Nb6 33. Rc3 Ke7 34.
b3 axb3 35. Rxb3 Nc4 36. Rxa6 Kd6 37. Nb5+ Kc5 38. Na7 Re8 39. c7 Bf5 40. Rc6+
Kd4 41. c8=Q 1-0

[Event "18th CRO-chT(b)"]
[Site "Sibenik CRO"]
[Date "2009.09.25"]
[Round "5.26"]
[White "Rosandic, Denis"]
[Black "Vargic, Drago"]
[Result "1/2-1/2"]
[WhiteElo "2261"]
[BlackElo "2384"]
[PlyCount "27"]
[EventDate "2009.09.21"]
[EventType "team"]
[EventRounds "9"]
[EventCountry "CRO"]

1. d4 e6 2. Nf3 Nf6 3. e3 c5 4. c4 a6 5. Nc3 d5 6. dxc5 Bxc5 7. a3 O-O 8. b4
Ba7 9. Bb2 Nc6 10. Be2 dxc4 11. Qxd8 Rxd8 12. Bxc4 b5 13. Bb3 Bb7 14. Ke2
1/2-1/2

[Event "18th CRO-chT(b)"]
[Site "Sibenik CRO"]
[Date "2009.09.25"]
[Round "5.32"]
[White "Bosiocic, Marin"]
[Black "Varga, Zoltan"]
[Result "1-0"]
[WhiteElo "2571"]
[BlackElo "2481"]
[PlyCount "29"]
[EventDate "2009.09.21"]
[EventType "team"]
[EventRounds "9"]
[EventCountry "CRO"]

1. d4 d5 2. Bf4 c6 3. e3 Bf5 4. c4 e6 5. Nc3 Bd6 6. Qb3 Bxf4 7. Qxb7 Bd6 8. c5
Be7 9. Qxa8 Qc7 10. Ba6 Kd7 11. Bb7 Bd3 12. b4 Bf6 13. Rd1 Bc4 14. Qxa7 Ne7 15.
a4 1-0

[Event "18th CRO-chT(b)"]
[Site "Sibenik CRO"]
[Date "2009.09.25"]
[Round "5.33"]
[White "Jurkovic, Ante"]
[Black "Miladinovic, Igor"]
[Result "0-1"]
[WhiteElo "2336"]
[BlackElo "2547"]
[PlyCount "70"]
[EventDate "2009.09.21"]
[EventType "team"]
[EventRounds "9"]
[EventCountry "CRO"]

1. e4 c5 2. g3 d5 3. d3 Nc6 4. Bg2 dxe4 5. dxe4 Qxd1+ 6. Kxd1 f5 7. Be3 e5 8.
Ne2 Nf6 9. Nec3 Be6 10. exf5 O-O-O+ 11. Kc1 Bxf5 12. Nd2 Nd4 13. Nce4 Be7 14.
Re1 Rhf8 15. c3 Ne6 16. f3 Bxe4 17. fxe4 Ng4 18. Bh3 h5 19. Kc2 Bg5 20. Bxg4
hxg4 21. Bxg5 Nxg5 22. Rf1 Kd7 23. Kd3 Ke6+ 24. Ke3 Rh8 25. Rf2 Rd7 26. Nf1 c4
27. Rd2 Rxd2 28. Nxd2 Rxh2 29. Nxc4 Rg2 30. Nd2 Rxg3+ 31. Kf2 Rd3 32. Ke2 Rh3
33. a4 Rh2+ 34. Ke3 Nh3 35. b4 Nf4 0-1

[Event "18th CRO-chT(b)"]
[Site "Sibenik CRO"]
[Date "2009.09.25"]
[Round "5.34"]
[White "Mufic, Goran"]
[Black "Kaps, Darja"]
[Result "0-1"]
[WhiteElo "2324"]
[BlackElo "2293"]
[PlyCount "58"]
[EventDate "2009.09.21"]
[EventType "team"]
[EventRounds "9"]
[EventCountry "CRO"]

1. Nf3 f5 2. g3 Nf6 3. Bg2 g6 4. b3 Bg7 5. Bb2 d6 6. d4 O-O 7. O-O Qe8 8. c4 a5
9. Nc3 Na6 10. d5 c5 11. dxc6 bxc6 12. Nd4 Bd7 13. Nc2 Ne4 14. Qe1 Nb4 15. Ne3
Qb8 16. Qc1 Nc5 17. Qd2 Bh6 18. f4 Qa7 19. Kh1 Bg7 20. Nc2 Ne4 21. Bxe4 fxe4
22. Ne3 Rad8 23. Na4 e5 24. fxe5 dxe5 25. c5 Bh3 26. Rxf8+ Rxf8 27. Qc3 Qf7 28.
Qc4 Nd5 29. Qxe4 Qf2 0-1

[Event "18th CRO-chT(b)"]
[Site "Sibenik CRO"]
[Date "2009.09.25"]
[Round "5.35"]
[White "Juranic, Bruno"]
[Black "Vlahov, Davor"]
[Result "0-1"]
[WhiteElo "2249"]
[BlackElo "2236"]
[PlyCount "93"]
[EventDate "2009.09.21"]
[EventType "team"]
[EventRounds "9"]
[EventCountry "CRO"]

1. e4 e6 2. Nc3 d5 3. Nf3 Nf6 4. e5 Nfd7 5. d4 c5 6. dxc5 Nc6 7. Bf4 Nxc5 8.
Bd3 Qb6 9. O-O Nxd3 10. Qxd3 Bd7 11. a3 a6 12. Rfe1 Rc8 13. b4 Ne7 14. Nd4 Rc4
15. Rad1 Qc7 16. Re3 g6 17. Bg5 Bg7 18. Bf6 Kf8 19. Rf3 Nc6 20. Nxc6 Bxc6 21.
h3 Bxf6 22. exf6 h5 23. Re1 Rf4 24. Rxf4 Qxf4 25. Ne4 Kg8 26. Qg3 Qxg3 27. Nxg3
Kh7 28. Ne2 g5 29. f4 g4 30. hxg4 hxg4 31. f5 exf5 32. Nf4 Re8 33. Rxe8 Bxe8
34. Nxd5 g3 35. Ne7 Bd7 36. Kf1 Kh6 37. Ke2 Kg5 38. Kf3 f4 39. Ke4 b5 40. Ng8
Bc6+ 41. Ke5 Bxg2 42. Ne7 Bb7 43. Nf5 g2 44. Nd6 g1=Q 45. Nxf7+ Kg6 46. Nh8+
Kh7 47. Nf7 0-1

[Event "18th CRO-chT(b)"]
[Site "Sibenik CRO"]
[Date "2009.09.25"]
[Round "5.36"]
[White "Ramesa, Marin"]
[Black "Brenc, Tomislav"]
[Result "1-0"]
[WhiteElo "2229"]
[BlackElo "2101"]
[PlyCount "81"]
[EventDate "2009.09.21"]
[EventType "team"]
[EventRounds "9"]
[EventCountry "CRO"]

1. d4 f5 2. e4 fxe4 3. Nc3 g6 4. Nxe4 Bg7 5. Nf3 d5 6. Neg5 h6 7. Nh3 Bxh3 8.
gxh3 Qd6 9. Bd3 Nd7 10. Rg1 Nf8 11. Qe2 O-O-O 12. Bd2 Kb8 13. O-O-O g5 14. Rde1
Nd7 15. h4 Bf6 16. hxg5 hxg5 17. Nxg5 Nh6 18. Ne6 Rc8 19. Bf4 Qb6 20. c3 Nf7
21. Bf5 Nd6 22. Bg4 Rcg8 23. f3 Nf8 24. Nc5 Qa5 25. Kb1 Ka8 26. Be6 Rxg1 27.
Rxg1 b6 28. Nb3 Qa4 29. Bxd5+ c6 30. Bxd6 cxd5 31. Bxe7 Qe8 32. Re1 Bxe7 33.
Qxe7 Qxe7 34. Rxe7 Ng6 35. Rg7 Nf4 36. Rg4 Nd3 37. Rg2 Re8 38. a4 Re1+ 39. Ka2
Rf1 40. Nd2 Ne1 41. Nxf1 1-0

[Event "18th CRO-chT(b)"]
[Site "Sibenik CRO"]
[Date "2009.09.25"]
[Round "5.42"]
[White "Gagarin, Vasilij"]
[Black "Filipovic, Branko"]
[Result "1/2-1/2"]
[WhiteElo "2422"]
[BlackElo "2444"]
[PlyCount "109"]
[EventDate "2009.09.21"]
[EventType "team"]
[EventRounds "9"]
[EventCountry "CRO"]

1. d4 b6 2. e4 Bb7 3. Nc3 e6 4. a3 Nf6 5. d5 Be7 6. Nf3 O-O 7. Bc4 exd5 8. exd5
a6 9. O-O b5 10. Ba2 d6 11. Nd4 Nbd7 12. Re1 Ne5 13. f4 Ng6 14. Qf3 Re8 15. Be3
Qd7 16. h3 Nh4 17. Qf2 Nf5 18. Nxf5 Qxf5 19. g4 Qd7 20. Qf3 c6 21. dxc6 Bxc6
22. Nd5 Nxd5 23. Bxd5 Bxd5 24. Qxd5 h5 25. f5 hxg4 26. hxg4 Rac8 27. c3 Bh4 28.
Bf2 Rc4 29. Qf3 Bf6 30. Rxe8+ Qxe8 31. Re1 Be5 32. Bg3 Qc6 33. Qxc6 Rxc6 34.
Kg2 f6 35. Kf3 Rc4 36. Bxe5 dxe5 37. Rd1 Kh7 38. Rh1+ Kg8 39. Rd1 Rf4+ 40. Kg3
Ra4 41. Rd7 Re4 42. Kf3 Rf4+ 43. Kg3 Rf1 44. Ra7 Rb1 45. b4 Rb3 46. Rxa6 Rxc3+
47. Kf2 Kh7 48. g5 fxg5 49. Re6 Rxa3 50. Rxe5 Kh6 51. Rxb5 g4 52. Rb7 Rf3+ 53.
Kg2 Rxf5 54. Kg3 Rf1 55. Kxg4 1/2-1/2

[Event "18th CRO-chT(b)"]
[Site "Sibenik CRO"]
[Date "2009.09.25"]
[Round "5.43"]
[White "Viskic, Pavisa"]
[Black "Jakovljevic, Vlado"]
[Result "0-1"]
[WhiteElo "2220"]
[BlackElo "2416"]
[PlyCount "46"]
[EventDate "2009.09.21"]
[EventType "team"]
[EventRounds "9"]
[EventCountry "CRO"]

1. e4 c5 2. Nf3 e6 3. c3 d5 4. exd5 exd5 5. d4 Nc6 6. Be2 Bd6 7. Be3 c4 8. b3
cxb3 9. axb3 Nge7 10. Qc1 Bg4 11. O-O Rc8 12. Qb2 O-O 13. c4 Bb8 14. Nc3 Re8
15. Rfd1 h6 16. Ne5 Bxe2 17. Nxe2 Nf5 18. cxd5 Nxe5 19. dxe5 Bxe5 20. Bd4 Qxd5
21. Qd2 Nxd4 22. f4 Nf3+ 23. gxf3 Qxd2 0-1

[Event "18th CRO-chT(b)"]
[Site "Sibenik CRO"]
[Date "2009.09.25"]
[Round "5.44"]
[White "Jakic, Ivan"]
[Black "Grgurevic, Boris"]
[Result "1/2-1/2"]
[WhiteElo "2406"]
[BlackElo "2228"]
[PlyCount "194"]
[EventDate "2009.09.21"]
[EventType "team"]
[EventRounds "9"]
[EventCountry "CRO"]

1. e4 e5 2. Nf3 Nc6 3. d4 exd4 4. c3 d5 5. exd5 Qxd5 6. cxd4 Nf6 7. Nc3 Bb4 8.
a3 Bxc3+ 9. bxc3 O-O 10. Be2 Ne4 11. Bb2 Re8 12. O-O Na5 13. Ne5 Nd6 14. Qa4
Be6 15. Bf3 Qb5 16. Qxb5 Nxb5 17. d5 Bxd5 18. Bxd5 Rxe5 19. c4 Re2 20. Bxg7
Kxg7 21. cxb5 Rd8 22. Bf3 Rb2 23. a4 c6 24. bxc6 Nxc6 25. Bxc6 bxc6 26. Rac1
Rd4 27. a5 Ra4 28. Rxc6 Rxa5 29. Rc3 Raa2 30. Rg3+ Kf6 31. Rh3 Kg7 32. Rg3+ Kf6
33. Rf3+ Kg7 34. h4 a5 35. Rc1 Rc2 36. Re1 Re2 37. Rxe2 Rxe2 38. Rf5 a4 39. Ra5
Re4 40. g3 h6 41. f3 Rb4 42. Kf2 Kg6 43. g4 Rb2+ 44. Kg3 Rb4 45. Ra6+ Kg7 46.
Ra5 Rc4 47. h5 Rb4 48. g5 hxg5 49. Rxg5+ Kh6 50. Rf5 a3 51. Ra5 f5 52. Rxa3
Kxh5 53. Ra8 Kg6 54. Rg8+ Kf6 55. Rf8+ Kg6 56. Rd8 Ra4 57. Rd6+ Kg5 58. Rd8 Kg6
59. f4 Ra3+ 60. Kh4 Ra6 61. Rd1 Kf6 62. Rb1 Kg6 63. Rg1+ Kh6 64. Rg5 Ra5 65.
Kg3 Ra3+ 66. Kf2 Ra5 67. Ke3 Rd5 68. Rg1 Kh5 69. Rg8 Kh6 70. Re8 Kg6 71. Re6+
Kf7 72. Rb6 Ke7 73. Rb3 Rd6 74. Kf3 Kf7 75. Rb5 Rg6 76. Ke3 Re6+ 77. Kf3 Rf6
78. Re5 Kg6 79. Kg3 Rb6 80. Rc5 Ra6 81. Kh4 Rb6 82. Rc1 Kh6 83. Re1 Rg6 84. Kh3
Rg4 85. Rf1 Kg6 86. Rf2 Kf6 87. Rf1 Ke6 88. Re1+ Kd6 89. Rd1+ Kc5 90. Rd8 Rxf4
91. Kg3 Re4 92. Kf3 Kc4 93. Rf8 Re1 94. Rc8+ Kd5 95. Rd8+ Kc6 96. Rd2 Re5 97.
Kf4 Rc5 1/2-1/2

[Event "18th CRO-chT(b)"]
[Site "Sibenik CRO"]
[Date "2009.09.25"]
[Round "5.46"]
[White "Bubicic, Josip"]
[Black "Malenica, Mario"]
[Result "1/2-1/2"]
[WhiteElo "2090"]
[BlackElo "2223"]
[PlyCount "70"]
[EventDate "2009.09.21"]
[EventType "team"]
[EventRounds "9"]
[EventCountry "CRO"]

1. e4 d6 2. d4 Nf6 3. Nc3 g6 4. f4 Bg7 5. Nf3 O-O 6. Bd3 Na6 7. O-O c5 8. d5
Nc7 9. Qe1 e6 10. dxe6 Nxe6 11. f5 Nd4 12. fxg6 hxg6 13. Bg5 Qa5 14. Nxd4 cxd4
15. Bxf6 dxc3 16. Bxg7 Kxg7 17. bxc3 Be6 18. Rb1 Qc5+ 19. Kh1 Qc6 20. c4 Rh8
21. Qf2 Rh6 22. Qf6+ Kh7 23. Rf4 Rh8 24. Rbf1 Qd7 25. Rh4 Kg8 26. Rxh6 Rxh6 27.
Rd1 Qc7 28. e5 Qc5 29. Qd8+ Kh7 30. Qxd6 Qf2 31. Rf1 Qg3 32. h3 Rxh3+ 33. gxh3
Qxh3+ 34. Kg1 Qg3+ 35. Kh1 Qh3+ 1/2-1/2

[Event "18th CRO-chT(b)"]
[Site "Sibenik CRO"]
[Date "2009.09.25"]
[Round "5.51"]
[White "Sax, Gyula"]
[Black "Ragger, Markus"]
[Result "1/2-1/2"]
[WhiteElo "2524"]
[BlackElo "2561"]
[PlyCount "25"]
[EventDate "2009.09.21"]
[EventType "team"]
[EventRounds "9"]
[EventCountry "CRO"]

1. e4 e5 2. Nf3 Nc6 3. Bb5 a6 4. Ba4 Nf6 5. O-O Be7 6. Re1 b5 7. Bb3 d6 8. c3
O-O 9. h3 Na5 10. Bc2 d5 11. d3 dxe4 12. dxe4 Qxd1 13. Rxd1 1/2-1/2

[Event "18th CRO-chT(b)"]
[Site "Sibenik CRO"]
[Date "2009.09.25"]
[Round "5.52"]
[White "Bogut, Zeljko"]
[Black "Rogulj, Branko"]
[Result "1/2-1/2"]
[WhiteElo "2442"]
[BlackElo "2453"]
[PlyCount "24"]
[EventDate "2009.09.21"]
[EventType "team"]
[EventRounds "9"]
[EventCountry "CRO"]

1. Nf3 Nf6 2. d4 g6 3. Bg5 Bg7 4. Nbd2 O-O 5. e4 d5 6. exd5 Nxd5 7. Nb3 a5 8.
c4 Nf6 9. Be2 a4 10. Nc5 a3 11. b3 b6 12. Na4 Ne4 1/2-1/2

[Event "18th CRO-chT(b)"]
[Site "Sibenik CRO"]
[Date "2009.09.25"]
[Round "5.53"]
[White "Rezan, Sasa"]
[Black "Jusic, Zdenko"]
[Result "1/2-1/2"]
[WhiteElo "2431"]
[BlackElo "2371"]
[PlyCount "23"]
[EventDate "2009.09.21"]
[EventType "team"]
[EventRounds "9"]
[EventCountry "CRO"]

1. d4 d6 2. c4 e5 3. Nf3 e4 4. Ng5 f5 5. Nh3 Nf6 6. g3 g6 7. Nc3 Bg7 8. Bg2 O-O
9. O-O Kh8 10. d5 Ng4 11. f3 Ne3 12. Qb3 1/2-1/2

[Event "18th CRO-chT(b)"]
[Site "Sibenik CRO"]
[Date "2009.09.25"]
[Round "5.54"]
[White "Bender, Ivan"]
[Black "Sinanovic, Muhamed"]
[Result "0-1"]
[WhiteElo "2275"]
[BlackElo "2386"]
[PlyCount "102"]
[EventDate "2009.09.21"]
[EventType "team"]
[EventRounds "9"]
[EventCountry "CRO"]

1. d4 d5 2. c4 c6 3. Nf3 Nf6 4. e3 a6 5. b3 Bg4 6. Nbd2 e6 7. h3 Bh5 8. Be2 Be7
9. Bb2 Nbd7 10. O-O O-O 11. g4 Bg6 12. Ne5 Nxe5 13. dxe5 Nd7 14. f4 Bc5 15. Bd4
f6 16. cxd5 cxd5 17. f5 Bf7 18. Bxc5 Nxc5 19. Rc1 Nd7 20. fxe6 Bxe6 21. exf6
Nxf6 22. Nf3 Qd6 23. Qe1 Ne4 24. Qh4 Qg3+ 25. Qxg3 Nxg3 26. Nd4 Nxf1 27. Bxf1
Rac8 28. Re1 Bf7 29. Bg2 g6 30. Kf2 Kg7 31. g5 h6 32. h4 hxg5 33. hxg5 Rfe8 34.
Kg3 Rc3 35. Kf4 Rd3 36. Rc1 Rdxe3 37. Rd1 Rc3 38. a4 Ree3 39. Bf3 Kf8 40. Rf1
Ke7 41. Ne2 Rxb3 42. Nd4 Rbc3 43. Rb1 Red3 44. Rxb7+ Kd6 45. Rxf7 Rxd4+ 46. Kg3
Rdd3 47. Kf2 Rxf3+ 48. Rxf3 Rxf3+ 49. Kxf3 Kc5 50. Ke3 Kc4 51. a5 Kc3 0-1

[Event "18th CRO-chT(b)"]
[Site "Sibenik CRO"]
[Date "2009.09.25"]
[Round "5.55"]
[White "Paljusaj, Edmond"]
[Black "Brnas, Augustin"]
[Result "1-0"]
[WhiteElo "2288"]
[BlackElo "2304"]
[PlyCount "89"]
[EventDate "2009.09.21"]
[EventType "team"]
[EventRounds "9"]
[EventCountry "CRO"]

1. e4 e5 2. Nf3 Nc6 3. Bb5 a6 4. Ba4 Nf6 5. O-O Be7 6. Re1 b5 7. Bb3 O-O 8. h3
d6 9. c3 Na5 10. Bc2 d5 11. exd5 e4 12. Bxe4 Nxe4 13. Rxe4 Bf6 14. d4 Qxd5 15.
Re1 Bf5 16. Bf4 Nc4 17. Qe2 c5 18. b3 Nd6 19. Be5 Rfe8 20. Nbd2 cxd4 21. cxd4
Bd8 22. Qd1 Ba5 23. Rc1 Ne4 24. Nxe4 Bxe4 25. Re3 Bb4 26. Qe2 Bf5 27. Bf4 Re4
28. Rxe4 Bxe4 29. Ne1 Ba3 30. Rd1 f6 31. Nc2 Bxg2 32. Nxa3 Bh1 33. f3 Bxf3 34.
Qf1 Qe4 35. Rd3 Be2 36. Re3 Qxe3+ 37. Bxe3 Bxf1 38. Kxf1 Rc8 39. Ke2 g5 40. Kd3
h5 41. Nc2 Kf7 42. d5 Kg6 43. Nb4 f5 44. Nc6 f4 45. Ne7+ 1-0

[Event "18th CRO-chT(b)"]
[Site "Sibenik CRO"]
[Date "2009.09.25"]
[Round "5.56"]
[White "Ivankovic, Ivo"]
[Black "Biliskov, Vjekoslav"]
[Result "1-0"]
[WhiteElo "2117"]
[BlackElo "2281"]
[PlyCount "155"]
[EventDate "2009.09.21"]
[EventType "team"]
[EventRounds "9"]
[EventCountry "CRO"]

1. c4 c5 2. Nf3 g6 3. Nc3 Bg7 4. g3 Nc6 5. Bg2 Nf6 6. O-O O-O 7. d4 cxd4 8.
Nxd4 Ng4 9. Nb3 d6 10. e4 a5 11. Na4 Qc7 12. Bf4 Nge5 13. Rc1 Bg4 14. f3 Be6
15. c5 Rad8 16. cxd6 Rxd6 17. Qe2 Bxb3 18. axb3 Nd4 19. Rxc7 Nxe2+ 20. Kh1 Nxf4
21. gxf4 Nd3 22. e5 Rd4 23. Rxb7 Nxf4 24. Rxe7 Rd2 25. Rg1 Rc8 26. Nc3 Rxb2 27.
Nd1 Rxb3 28. Nf2 a4 29. Nh3 Nd3 30. f4 Bf8 31. Rd7 Nc5 32. Ra7 Rd8 33. Ng5 Nd3
34. Rf1 Bc5 35. Rxf7 Nf2+ 36. Kg1 h6 37. Ne6 Kxf7 38. Nxd8+ Ke8 39. Nb7 Bd4 40.
Bd5 Rb2 41. Kg2 Ng4+ 42. Kg3 Ne3 43. Bc6+ Ke7 44. Rc1 a3 45. Be4 Bb6 46. Nd6 a2
47. Nc8+ Kd7 48. Nxb6+ Rxb6 49. Ra1 Ra6 50. Kf3 Ra3 51. Ke2 g5 52. f5 g4 53.
Bd3 Nd5 54. Kd2 h5 55. Bc4 Nb4 56. f6 Rf3 57. e6+ Kd6 58. e7 Rf2+ 59. Kc3 Kc5
60. e8=Q Rf3+ 61. Kd2 Kxc4 62. Qe6+ Kd4 63. Ke2 Nd3 64. Qd6+ Kc3 65. Qa3+ Kd4
66. Rxa2 Rf2+ 67. Kd1 Rf1+ 68. Kc2 Rf2+ 69. Kb3 Rxf6 70. Rd2 Ke3 71. Qe7+ Kxd2
72. Qxf6 Ke3 73. Kc3 Nf4 74. Qe5+ Kf3 75. Kd2 Nh3 76. Qe3+ Kg2 77. Qg3+ Kf1 78.
Ke3 1-0

[Event "18th CRO-chT(b)"]
[Site "Sibenik CRO"]
[Date "2009.09.26"]
[Round "6.25"]
[White "Stipic, Marko"]
[Black "Paljusaj, Edmond"]
[Result "0-1"]
[WhiteElo "2223"]
[BlackElo "2288"]
[PlyCount "66"]
[EventDate "2009.09.21"]
[EventType "team"]
[EventRounds "9"]
[EventCountry "CRO"]

1. g3 c5 2. Bg2 Nc6 3. e4 g6 4. Ne2 Bg7 5. O-O d6 6. c3 e5 7. Na3 Nge7 8. Nc2
Qb6 9. b3 O-O 10. d3 Be6 11. Ne3 Qd8 12. Bb2 d5 13. c4 d4 14. Nd5 Qd7 15. Bc1
Bh3 16. Bd2 Bxg2 17. Kxg2 f5 18. f3 Rf7 19. a3 Raf8 20. Nc1 a5 21. Rb1 Nc8 22.
Qc2 fxe4 23. dxe4 d3 24. Qxd3 Nd4 25. f4 exf4 26. gxf4 Nd6 27. Re1 Re8 28. h3
Qd8 29. Na2 Qh4 30. Nac3 g5 31. e5 Bxe5 32. Ne4 gxf4 33. Nxd6 f3+ 0-1